Welcome to the Holygrace Academy Library

Please use search bar below to get started

QUIZ BOOK 2017 (Record no. 6527)

MARC details
000 -LEADER
fixed length control field 00327nam a22001337a 4500
020 ## - INTERNATIONAL STANDARD BOOK NUMBER
ISBN 978-81-291-4531-4
082 ## - DEWEY DECIMAL CLASSIFICATION NUMBER
Classification number 001
Item number BRI/Q
100 ## - MAIN ENTRY--AUTHOR NAME
Personal name DEREK O' BRIEN
245 ## - TITLE STATEMENT
Title QUIZ BOOK 2017
Remainder of title BOURNVITA QUIZ CONTEST
260 ## - PUBLICATION, DISTRIBUTION, ETC. (IMPRINT)
Place of publication DELHI
Name of publisher RUPA PUBLICATIONS
Year of publication 2017
300 ## - PHYSICAL DESCRIPTION
Number of Pages 120
650 ## - SUBJECT ADDED ENTRY--TOPICAL TERM
Topical Term GENERAL KNOWLEDGE
Geographic subdivision INDIA
942 ## - ADDED ENTRY ELEMENTS (KOHA)
Koha item type Books
Holdings
Withdrawn status Lost status Collection code Home library Current library Shelving location Date acquired Source of acquisition Cost, normal purchase price Full call number Accession Number Koha item type
    G.K Main Library Main Library SHELF-17B-- G.K RELATED QUIZ BOOK 19/10/2018 purchase 176.00 001 BRI/Q 10327 Books